5HLuxD.jpg

KING HENRY VIII SENIOR AND PRIMARY SCHOOL LIBRARY OPAC

Oxford advanced learner's dictionary of current English / (Record no. 2831)

000 -LEADER
fixed length control field 01842cam a2200397 i 4500
001 - CONTROL NUMBER
control field 22456944
003 - CONTROL NUMBER IDENTIFIER
control field OSt
005 - DATE AND TIME OF LATEST TRANSACTION
control field 20231213102027.0
008 - FIXED-LENGTH DATA ELEMENTS--GENERAL INFORMATION
fixed length control field 220308s2015 enkab d 000 0 eng d
010 ## - LIBRARY OF CONGRESS CONTROL NUMBER
LC control number 2022285188
015 ## - NATIONAL BIBLIOGRAPHY NUMBER
National bibliography number GBB571015
Source bnb
020 ## - INTERNATIONAL STANDARD BOOK NUMBER
Qualifying information (paperback)
International Standard Book Number 9780194799515
035 ## - SYSTEM CONTROL NUMBER
System control number (OCoLC)ocn908411392
040 ## - CATALOGING SOURCE
Original cataloging agency EQO
Language of cataloging eng
Transcribing agency EQO
Description conventions rda
Modifying agency OCLCO
-- YDXCP
-- OCLCF
-- LTSCA
-- S3O
-- OCLCQ
-- FC@
-- UAT
-- OCLCA
-- AU@
-- UKMGB
-- UKSSU
-- DLC
-- DLC
-- KH8
042 ## - AUTHENTICATION CODE
Authentication code lccopycat
082 0# - DEWEY DECIMAL CLASSIFICATION NUMBER
Classification number 423 HOR
Edition number 23
100 1# - MAIN ENTRY--PERSONAL NAME
Personal name Hornby, Albert Sydney,
Relator term author.
245 10 - TITLE STATEMENT
Title Oxford advanced learner's dictionary of current English /
Statement of responsibility, etc. A.S. Hornby.
246 30 - VARYING FORM OF TITLE
Title proper/short title Advanced learner's dictionary of current English
246 14 - VARYING FORM OF TITLE
Title proper/short title Oxford advanced learner's dictionary
250 ## - EDITION STATEMENT
Edition statement [New] Ninth edition.
250 ## - EDITION STATEMENT
Edition statement International student's edition.
264 #1 - PRODUCTION, PUBLICATION, DISTRIBUTION, MANUFACTURE, AND COPYRIGHT NOTICE
Place of production, publication, distribution, manufacture Oxford :
Name of producer, publisher, distributor, manufacturer Oxford University Press,
Date of production, publication, distribution, manufacture, or copyright notice 2015.
300 ## - PHYSICAL DESCRIPTION
Extent 1 volume (various pagings) :
Other physical details illustrations (chiefly colour), colour maps ;
Dimensions 24 cm.
336 ## - CONTENT TYPE
Content type term text
Content type code txt
Source rdacontent
337 ## - MEDIA TYPE
Media type term unmediated
Media type code n
Source rdamedia
338 ## - CARRIER TYPE
Carrier type term volume
Carrier type code nc
Source rdacarrier
520 ## - SUMMARY, ETC.
Summary, etc. Say it with OxfordThe Oxford Advanced Learners Dictionary is the ultimate speaking and writing tool for developing the skills you need for passing exams and communicating in English. Its trusted by learners and teachers of English around the world for its clear explanations and example sentences.
650 #0 - SUBJECT ADDED ENTRY--TOPICAL TERM
Topical term or geographic name entry element English language
Form subdivision Dictionaries.
650 #7 - SUBJECT ADDED ENTRY--TOPICAL TERM
Topical term or geographic name entry element English language.
655 #7 - INDEX TERM--GENRE/FORM
Genre/form data or focus term Dictionaries.
Source of term lcgft
655 #7 - INDEX TERM--GENRE/FORM
Genre/form data or focus term Dictionaries.
Source of term fast
Authority record control number or standard number (OCoLC)fst01423826
906 ## - LOCAL DATA ELEMENT F, LDF (RLIN)
a 7
b cbc
c copycat
d 2
e ncip
f 20
g y-gencatlg
942 ## - ADDED ENTRY ELEMENTS (KOHA)
Source of classification or shelving scheme
Koha item type Teaching Resources
Holdings
Withdrawn status Lost status Source of classification or shelving scheme Damaged status Not for loan Collection code Permanent Location Current Location Shelving location Date acquired Total Checkouts Full call number Barcode Date due Date last seen Date last checked out Price effective from Koha item type
          Teaching Resources KH8 Senior School Library KH8 Senior School Library Staff Office 2023-08-23 1 423 HOR TRKHSL002272 2025-07-04 2025-04-25 2025-04-25 2023-08-23 Teaching Resources

Powered By KH8 IT Dept